000 00313nam a2200145Ia 4500
100 _aMarshall/A
650 _aEconomics
942 _cBK
654 _aPrinciples Of Economic
245 _aPrinciples Of Economic
260 _bMac Millian
_aLondon
_c1982
082 _a331
300 _a731
546 _aENGLISH
999 _c33562
_d33562